LEADER 00977nam a2200229 4500 001 000000366387 003 CaOOAMICUS 005 20260212100514.0 008 260211s2025 it a 000 u ita r 040 $aSeMil$bita 100 1 $aGranata, Elena.$0(OLS)http://semarc/name/59265 245 10$aQuando lo spazio genera comunitą :$bOfficina Badoni /$cElena Granata. 264 1$aLecco :$bFondazione comunitaria del Lecchese,$cStampa 2025. 300 $a60 p. :$bill. ;$c24 cm 650 4$aOfficina Badoni .$0(OLS)http://semarc/subject/59546 850 $aSeMil 852 $aSeMil$W1$xVenegono$y1$m3M IV 363$j267143$B257133$CSeMilBibl$Z2$F257133 $81 941 1 $a7 961 $aOmaggio mons. Mario Delpini 996 $6245$aQuando lo spazio genera comunitą :$bOfficina Badoni$9(OLS)http://semarc/title/458147 996 $6264$aLecco :$bFondazione comunitaria del Lecchese$9(OLS)http://semarc/publisher/62893 LEADER 00888nam a2200205 i 4500 001 000000229578 003 CaOOAMICUS 005 20251010103317.0 008 140513s1787 it u000 u ita u 013 $a208480 026 $arehe i.na o.e' 28vi (3) 1787 (R) 040 $aSeMil$bita 245 10$aTomo terzo che comprende l'Evangelio secondo s. Marco. 300 $a[4], 308 p. 500 $aSegn.: pg2 A-T8 V2. 773 0 $tNuovo Testamento con delle riflessioni morali sopra ciascun versetto per renderne la lettura pił utile e la meditazione pił facile traduzione dal francese. Tomo 1. [-?.].$dIn Pistoia : Per Atto Bracali, 1786.$g3$w()29868 850 $aSeMil 852 $aSeMil$W1$xVenegono$y1$m2V II 75 FA$j179924$B179924$CSeMilBibl$Z2$F191030 $8I 996 $6245$aTomo terzo che comprende l'Evangelio secondo s. Marco$9(OLS)http://semarc/title/328332